|
|
|
|
| LEADER |
00000cam a2200000 7i4500 |
| 001 |
0000002075 |
| 005 |
20020923.0 |
| 020 |
0 |
0 |
|a 1560220376
|
| 090 |
0 |
0 |
|a R632.7
|b ALT 1994
|
| 100 |
1 |
0 |
|a ALTIERI
|h Miguel A. [
|q (Angel)]
|
| 245 |
1 |
0 |
|a Biodiversity and pest management in agroecosystems
|c Miguel A. Altieri
|
| 260 |
0 |
0 |
|a New York :
|b Food Products Press ,
|c 1994
|
| 300 |
|
|
|a xvii, 185 p. :
|b ill. ;
|c 23 cm.
|
| 500 |
0 |
0 |
|a Bibliography : (p. 153-170) and index
|
| 650 |
0 |
0 |
|a Agricultural ecology
|
| 650 |
0 |
0 |
|a Biological diversity
|
| 650 |
0 |
0 |
|a Insect pests
|x Biological control
|
| 650 |
0 |
0 |
|a Insects
|x Ecology
|
| 998 |
|
|
|a JPSM
|
| 999 |
|
|
|a 0000003461
|b Monograph
|c Reference
|e Default branch
|